000 00543 a2200193 4500
005 20250508124749.0
008 250505b |||||||| |||| 00| 0 eng d
020 _a9788119613397
_cRs. 495.00
040 _aMAIN
082 _a615.19
_bK314T
100 _aKemisetti, Durga Prasad
110 _aKemisetti, Durgaprasad
245 _aText book of medicinal chemistry-III
260 _bIP Innovative Publication
_c2024
_aNew Delhi
300 _axi, 211
650 _aPharmaceutical Science
650 _aMedicinal Chemistry
942 _cBK
999 _c360916
_d360916